书目信息 |
| 题名: |
山水中国
|
|
| 作者: | 段宝林 , 江溶 主编 | |
| 分册: | 山西卷 | |
| 出版信息: | 北京 北京大学出版社 2005 |
|
| 页数: | 295页 | |
| 开本: | 23cm | |
| 丛书名: | 博雅悦读时光丛书 | |
| 单 册: | ||
| 中图分类: | K928.70 | |
| 科图分类: | ||
| 主题词: | 风景区--简介--中国 , 风景区--简介--山西省 , 名胜古迹--简介--山西省 , 风景区 , 名胜古迹 | |
| 电子资源: | ||
| ISBN: | 7-301-08255-X | |
| 000 | 01100oam2 2200313 450 | |
| 001 | 012007399656 | |
| 005 | 20070517112044.25 | |
| 010 | @a7-301-08255-X@dCNY32.00 | |
| 100 | @a20070508d2005 km y0chiy0120 ea | |
| 101 | 0 | @achi |
| 102 | @aCN@b110000 | |
| 105 | @aa z 000yy | |
| 106 | @ar | |
| 200 | 1 | @a山水中国@Ashan shui zhong guo@i山西卷@f段宝林,江溶主编@Fduan bao lin,jiang rong zhu bian |
| 210 | @a北京@c北京大学出版社@d2005 | |
| 215 | @a295页@c图@d23cm | |
| 225 | 2 | @a博雅悦读时光丛书 |
| 330 | @a本书作为“山水中国”图文丛书中的一卷,对山西省的景观名胜、历史古迹、传说掌故、风土人情等作了全景式的扫描,并配以近200幅插图,文采焕然,图绘精美,以深沉厚重的文化内涵和蕴藉流畅的叙述笔调,区别于时下流行的以资讯为主的旅游指南。 | |
| 461 | 0 | @12001 @a博雅悦读时光丛书 |
| 606 | 0 | @a风景区@x简介@y中国 |
| 606 | 0 | @a风景区@x简介@y山西省 |
| 606 | 0 | @a名胜古迹@x简介@y山西省 |
| 606 | 0 | @a风景区 |
| 606 | 0 | @a名胜古迹 |
| 690 | @aK928.70@v4 | |
| 701 | 0 | @a段宝林@Aduan bao lin@4主编 |
| 701 | 0 | @a江溶@Ajiang rong@4主编 |
| 801 | 0 | @aCN@bRULIN@c20070517 |
| 905 | @dK928.70@e440@s8 | |
| 山水中国.山西卷/段宝林,江溶主编.-北京:北京大学出版社,2005 |
| 295页:图;23cm.-(博雅悦读时光丛书) |
| ISBN 7-301-08255-X:CNY32.00 |
| 本书作为“山水中国”图文丛书中的一卷,对山西省的景观名胜、历史古迹、传说掌故、风土人情等作了全景式的扫描,并配以近200幅插图,文采焕然,图绘精美,以深沉厚重的文化内涵和蕴藉流畅的叙述笔调,区别于时下流行的以资讯为主的旅游指南。 |
| ● |
| 相关链接 |
|
|
|
|
正题名:山水中国
索取号:K928.70/440
 
预约/预借
| 序号 | 登录号 | 条形码 | 馆藏地/架位号 | 状态 | 备注 |
| 1 | 0578909 | 205789093 | 第二样本阅览室/ [索取号:K928.70/440] | 在馆 | |
| 2 | 0578910 | 205789100 | 密集书库/ [索取号:K928.70/440] | 在馆 | |
| 3 | 0578911 | 205789119 | 密集书库/ [索取号:K928.70/440] | 在馆 | |
| 4 | 0578912 | 205789128 | 第二借阅区/ [索取号:K928.70/440] | 在馆 | |
| 5 | 0578913 | 205789137 | 第二借阅区/ [索取号:K928.70/440] | 在馆 | |
| 6 | 0578914 | 205789146 | 第二借阅区/ [索取号:K928.70/440] | 在馆 | |
| 7 | 0578915 | 205789155 | 密集书库/ [索取号:K928.70/440] | 在馆 | |
| 8 | 0578916 | 205789164 | 第二借阅区/ [索取号:K928.70/440] | 在馆 |